Datum a čas kvízu

11 Celkem bodů Celkový počet nahraných bodů na tomto kvízu bez doplňovacích otázek.
8. Pořadí na kvízu Konečné umístění týmu na tomto kvízu.

Zaznamenané odpovědi

# Otázka Odpověď Body Výsledky
1. Nejvyšší správní soud minulý t... Děti Země 0
2. Buckinghamský palác odhalil v... D) motýl 0
3. Jeden z 28 evropských koncertů... Thirty Seconds to Mars (30 Seconds to Mars) 0
4. V ženevské pobočce aukční síně... Michael Schumacher 0
5. Sudí Jan Smit dostal v nejmeno... v Nizozemsku 0
6. Bájného českého knížete Kroka,... Krakov 1
7. Podle pověsti prý zvony z kost... ve čtvrtek (na Zelený čtvrtek) 0
8. Přiřaďte k sobě dvojice hrdinů... 1B 2D 3A 4C 0
9. O hřbitovním kostele sv. Maří... Svatební košile 0
10. Branišovský les na okraji Česk... 3 0